000
00310nam a22001457a 4500
008
210225b ||||| |||| 00| 0 eng d
020
_a
9781323293911
041
_a
eng
080
_a
510
082
_a
510
100
_a
36
101
_a
MAT
245
_a
Mathematical Ideas
_c
Miller, C, D
942
_2
udc
_c
BK
999
_c
55203
_d
55203